Moción presentada a la Real y Excma. Sociedad Económica Aragonesa de Amigos del País / (Record no. 138499)

MARC details
000 -LEADER
campo de control de longitud fija 00789nam a2200193 4500
001 - NÚMERO DE CONTROL
campo de control 138499
003 - IDENTIFICADOR DE NÚMERO DE CONTROL
campo de control ES-MaACL
005 - FECHA Y HORA DE LA ÚLTIMA TRANSACCIÓN
campo de control 20250902093017.0
007 - CAMPO FIJO DE DESCRIPCIÓN FÍSICA--INFORMACIÓN GENERAL
campo de control de longitud fija t|
008 - DATOS DE LONGITUD FIJA--INFORMACIÓN GENERAL
campo de control de longitud fija 070214s1910 sp r ||||1| spa d
100 1# - ENTRADA PRINCIPAL--NOMBRE DE PERSONA
Nombre de persona San Martín y Falcón, José de.
9 (RLIN) 102276
245 10 - MENCIÓN DEL TÍTULO
Título Moción presentada a la Real y Excma. Sociedad Económica Aragonesa de Amigos del País /
Mención de responsabilidad, etc. por el socio corresponsal José de San-Martín y Falcón ; e Informe emitido por el socio residente Julián Alberto Cerezuela.
260 ## - PUBLICACIÓN, DISTRIBUCIÓN, ETC.
Lugar de publicación, distribución, etc. Madrid :
Nombre del editor, distribuidor, etc. [s. n.],
Fecha de publicación, distribución, etc. 1910 (
Fabricante Tip. Pontejos, 8)
300 ## - DESCRIPCIÓN FÍSICA
Extensión 16 h. ;
Dimensiones 28 cm.
700 1# - ENTRADA AGREGADA--NOMBRE PERSONAL
Nombre de persona Cerezuela, Julián Alberto.
9 (RLIN) 37514
710 2# - ENTRADA AGREGADA--NOMBRE DE ENTIDAD CORPORATIVA
Nombre de entidad corporativa o nombre de jurisdicción como elemento de entrada Real Sociedad Económica Aragonesa de Amigos del País
9 (RLIN) 6382
852 ## - LOCALIZACIÓN
Ubicación ES-MaACL
Número de control de estantería T-1260-F-3
Holdings
Estatus retirado Estado de pérdida Estado de daño No para préstamo Colección Biblioteca de origen Biblioteca actual Ubicación en estantería Fecha de adquisición Fuente de adquisición Total de préstamos Signatura topográfica completa Código de barras Visto por última vez Precio de reemplazo Tipo de ítem Koha
        Colección de folletos Biblioteca del Ateneo de Madrid Biblioteca del Ateneo de Madrid Depósito folletos 17/01/2008     T-1260-F-3 1144118 23/02/2023 23/02/2023 Folleto